| 000 | 01912nam1a2200349 i 4500 | ||
|---|---|---|---|
| 001 | RU\NLR\bibl\95701 | ||
| 005 | 20260407074615.0 | ||
| 035 | _a(NLR Aleph) 000093538 | ||
| 090 |
_a525627 _c525627 |
||
| 100 | _a20000704g19 9999u y0rusy50 ca | ||
| 101 | 0 | _arus | |
| 102 | _aRU | ||
| 105 | _ay ||||||||| | ||
| 200 | 1 |
_a[Библиотечно-библиографическая классификация] _eТаблицы для научных библиотек _eдополнения и исправления _eинструктивно-методичесие рекомендации _fРос. гос. б-ка и др. |
|
| 210 |
_aМ. _cРГБ _d1998 |
||
| 215 | _d22 | ||
| 300 | _aЗагл. тит. л. и обл.: Дополнения и исправления к Библиотечно-библиографической классификации | ||
| 300 | _aВ надзаг. также: Рос. нац. б-ка, Б-ка Рос. акад. наук | ||
| 463 | 0 | _100184598 | |
| 463 | 0 | _1001263928 | |
| 463 | 0 | _1001392993 | |
| 463 | 0 | _1001883603 | |
| 512 | 0 | _aДополнения и исправления к Библиотечно-библиографической классификации | |
| 606 | 0 |
_aБиблиотечно-библиографическая классификация _xДополнения и исправления _92172274 _3RU\NLR\auth\661306638 |
|
| 686 | _aЧ736.241.21(2)1 | ||
| 686 | _aЧ736.241.22 | ||
| 711 | 0 | 2 |
_aРоссийская государственная библиотека _9278072 _3RU\NLR\AUTH\883411 |
| 801 | 0 |
_aRU _bNLR _c20000704 _gPSBO |
|
| 801 | 1 |
_aRU _bNLR _c20000704 |
|
| 852 |
_aNLR _jБ 7565/И-721 |
||
| 942 | _cBOOK | ||